| 000 | 01179nam a22002777a 4500 | ||
|---|---|---|---|
| 005 | 20240530110444.0 | ||
| 008 | 150426s2011 ua bjo f 000 0dara d | ||
| 017 |
_a2011/4928 _bمصر . دار الكتب المصرية |
||
| 020 | _a9789774218071 | ||
| 040 | _aEG-CaGPL | ||
| 082 | 0 | 4 |
_221 _a956.04 _bق/م ح |
| 100 | 0 | _aمحمد البحيرى | |
| 245 | 1 | 0 |
_aحروب مصر فى الوثائق الاسرائيلية / _cتاليف محمد البحيرى ؛ تقديم حسن عيسى |
| 260 |
_aالقاهرة : _bالهيئة المصرية العامة للكتاب ، _c2011 . |
||
| 300 |
_a294 ص : _bايض ؛ _c24 سم + _eملاحق |
||
| 650 | 0 | 4 | _aالحروب العربية الاسرائيلية |
| 650 | 0 | 4 |
_aالحروب العربية الاسرائيلية _zفلسطين |
| 650 | 0 | 4 |
_aالحروب العربية الاسرائيلية _zمصر |
| 650 | 0 | 4 |
_aحرب اكتوبر 1973 _zمصر |
| 650 | 0 | 4 |
_aحرب يونيو 1967 _zمصر |
| 650 | 0 | 4 | _aالعدوان الثلاثى 1956 |
| 650 | 0 | 4 |
_aحرب فلسطين 1948 _zمصر |
| 700 | 0 |
_aحسن عيسى _eمقدم |
|
| 942 |
_2ddc _cBK |
||
| 999 |
_c61108 _d61108 |
||